| 000 | 00388nam a22001457a 4500 | ||
|---|---|---|---|
| 999 |
_c258083 _d258082 |
||
| 003 | OSt | ||
| 005 | 20200129144602.0 | ||
| 008 | 200129b xxu||||| |||| 00| 0 eng d | ||
| 020 | _a03213555377 | ||
| 040 | _cN/A | ||
| 100 | _aKathleen.T. McWHorter | ||
| 245 |
_aExpressways for writing scenarios: _bFrom paragraph to essay |
||
| 260 |
_aNewYork _bPearson Longman _c2007 |
||
| 942 |
_2lcc _cBK |
||